000 00648nam a2200241Ia 4500
003 OSt
005 20221007063500.0
006 a|||||r|||| 00| 0
007 ta
008 221006b |||||||| |||| 00| 0 eng d
024 _a26,593
037 _cTextual
040 _aFLL
_cFLL
_beng
041 _2eng
_aeng
082 _aZ73:3y7, J2
100 _aShepherd Harold
_9684347
245 0 _aContracts and contract remedies
250 _a4th
260 _aBrooklyn
_bThe Foundation Press, Inc. Brooklyn
_c1957
300 _axxiv,1-1194p
_ccm.
942 _hZ73:3y7, J2
_cTEXL
_2CC
999 _c1131354
_d1131354